Statistics for Teams who have Played at Least 5 World Cups

Click here to take the quiz!

General Stats

  • This quiz has been taken 44 times
  • The average score is 26 of 31

Answer Stats

#Team% Correct
20Brazil
97%
14France
97%
18Germany / West Germany
95%
18Italy
95%
16Argentina
92%
14England
92%
10Russia / Soviet Union
92%
14Spain
92%
10United States
92%
10Netherlands
89%
11Sweden
89%
10Switzerland
89%
9Chile
87%
5Colombia
87%
15Mexico
87%
7Poland
87%
6Portugal
87%
12Uruguay
87%
9Hungary
84%
5Japan
84%
12Belgium
82%
9South Korea
82%
7Austria
76%
9Czech Republic / Czechoslovakia
76%
7Romania
76%
8Scotland
76%
7Bulgaria
71%
5Nigeria
71%
8Paraguay
68%
9Yugoslavia
66%
7Cameroon
61%

Score Distribution

Percentile by Number Answered

Percent of People with Each Score

Your Score History

You have not taken this quiz